01074 2200325 4500001002100000005001500021035002000036020002200056040002200078082001600100245010000116300003000216500006900246650002100315850001200336264003000348336002100378337002300399338003800422084001800460100002500478007000300503008004100506852002000547856007500567700003100642700003100673990002200704990002200726INLIS00000000090054320251016112302 a0010-1025000566 a978-979-29-3457-1 aYOPDYOGbinderda04223a332.02410aBesar pasak daripada tiang ? g lagi ! /cAli Akbar, Eko Priyo Utomo; penyunting, Arie Prabawati a1 berkas komputer (3,7MB) aUntuk mengakses buku ini silakan unduh aplikasi http://ijogja.id 4aKeuangan pribadi aYOPDYOG31aYogyakarta :bAndi,c2013 2rdacontentateks 2rdamediaakomputer 2rdacarrierasumber sambung jaring a332.024 ALI b0 aAli AkbarePengarangta211109s2013 yoi gs | ind d8 aaplikasi iJogja40nPerpustakaan Digital iJogjauhttp://ijogja.id/publications/books/260720 aEko Priyo UtomoePengarang0 aArie PrabawatiePenyunting a000955-EPD/B.2018 a000956-EPD/B.2018